Jurisdicción y normas: dos estudios sobre función jurisdiccional y teoría del derecho
Guardat en:
| Autor principal: | |
|---|---|
| Format: | Llibre |
| Idioma: | espanyol |
| Publicat: |
Madrid
Centro de Estudios Constitucionales
1990
|
| Matèries: | |
| Etiquetes: |
Afegir etiqueta
Sense etiquetes, Sigues el primer a etiquetar aquest registre!
|
MARC
| LEADER | 00000nam a2200000 a 4500 | ||
|---|---|---|---|
| 001 | UCX9651 | ||
| 003 | CL-VaPUC | ||
| 008 | 940621e19900000SP |||||||||||||||||spa|d | ||
| 082 | 0 | 4 | |a 340.109 |b RUI |2 21 |
| 100 | 0 | |a Ruíz Manero, Juan |e author |9 327114 | |
| 245 | 1 | 0 | |a Jurisdicción y normas: dos estudios sobre función jurisdiccional y teoría del derecho |
| 300 | |a 205 p | ||
| 942 | |c BK | ||
| 945 | |d 19940621 00:00:00 |a aalvarez | ||
| 260 | |a Madrid |b Centro de Estudios Constitucionales |c 1990 | ||
| 650 | 0 | |a Filosofía del derecho |9 255050 | |
| 650 | 7 | |a INTERPRETACION DEL DERECHO |2 CL-VaPUC |9 327115 | |
| 583 | |a last modification |c 19940621 00:00:00 |k Rodrigo Vera | ||
| 999 | |c 228830 |d 228828 | ||
| 952 | |0 0 |1 0 |4 0 |6 340_109000000000000_RUI_1990 |7 0 |8 DER_TF |9 229278 |a BIBDER |b BIBDER |d 2019-11-15 |i 2984547 |o 340.109 RUI 1990 |p 2984547 |r 2023-01-25 |w 2019-11-15 |x Ubicación 4to Piso |y BK |z Estos recursos deben solicitarse con anticipación |k DER | ||